ՀՀ Գիտությունների ազգային ակադեմիայի հիմնարար գիտական գրադարան  =   Fundamental Scientific Library of NAS RA

Итоги исследований по химии за 50 лет 1917-1967 : (Record no. 467925)

MARC details
000 -LEADER
fixed length control field 01031nam a2200205 a 4500
001 - CONTROL NUMBER
control field 000100357
003 - CONTROL NUMBER IDENTIFIER
control field AM-YeHGA
005 - DATE AND TIME OF LATEST TRANSACTION
control field 20250617161235.0
008 - FIXED-LENGTH DATA ELEMENTS--GENERAL INFORMATION
fixed length control field 990216s1968 ||||||||||||||||||||rus d
040 ## - CATALOGING SOURCE
Original cataloging agency AM-YeHGA
090 ## - LOCALLY ASSIGNED LC-TYPE CALL NUMBER (OCLC); LOCAL CALL NUMBER (RLIN)
-- 471158
245 00 - TITLE STATEMENT
Title Итоги исследований по химии за 50 лет 1917-1967 :
Remainder of title Труды Межвузовской научной конференции, посвященной пятидесятилетию Великой Октябрьской Социалистической революции /
Statement of responsibility, etc. ТГУ ; Редкол. Н.Ф. Бабушкин, В.В. Серебренников и др.
260 ## - PUBLICATION, DISTRIBUTION, ETC.
Place of publication, distribution, etc. Томск :
Name of publisher, distributor, etc. Изд-во ТГУ,
Date of publication, distribution, etc. 1968.
300 ## - PHYSICAL DESCRIPTION
Extent 170 с.
650 14 - SUBJECT ADDED ENTRY--TOPICAL TERM
Topical term or geographic name entry element Химия
700 1# - ADDED ENTRY--PERSONAL NAME
Personal name Серебренников, В.В.
Relator term ред.
Relationship edt
700 1# - ADDED ENTRY--PERSONAL NAME
Personal name Бабушкин, Н.Ф.
Relator term ред.
Relationship edt
710 2# - ADDED ENTRY--CORPORATE NAME
Corporate name or jurisdiction name as entry element Томский государственный университет
711 2# - ADDED ENTRY--MEETING NAME
Meeting name or jurisdiction name as entry element Межвузовская научная конференция
Holdings
Withdrawn status Lost status Source of classification or shelving scheme Damaged status Not for loan Collection Home library Current library Date acquired Total checkouts Full call number Barcode Date last seen Price effective from Koha item type Public note
    Universal Decimal Classification     General Fundamental Scientific Library Fundamental Scientific Library 12/03/2018   PIII/26446 FL0487752 12/03/2018 12/03/2018 Գրքեր / Books 30 Days Loan
    Universal Decimal Classification     General Fundamental Scientific Library Fundamental Scientific Library 12/03/2018   PIII/26448 FL0487754 12/03/2018 12/03/2018 Գրքեր / Books 30 Days Loan
          General Fundamental Scientific Library Fundamental Scientific Library 15/03/2018   PIII/28346 FL0489111 15/03/2018 15/03/2018 Գրքեր / Books 30 Days Loan


ՀՀ ԳԱԱ հիմնարար գիտական գրադարան
ՀՀ,Երևան 0019
Մարշալ Բաղրամյան 24/6
հեռախոս:(374-10) 52-47-50
Հետադարձ կապ

All site content, except where otherwise noted, is licensed under a
Creative Commons License